| 000 | 00492nam a2200169Ia 4500 | ||
|---|---|---|---|
| 999 |
_c33035 _d33035 |
||
| 003 | OSt | ||
| 005 | 20211101131317.0 | ||
| 008 | 190216s9999||||xx |||||||||||||| ||und|| | ||
| 040 | _coclc | ||
| 082 |
_a530.12 _bMAT/T |
||
| 100 |
_aMathews, P M _94421 |
||
| 245 | 0 |
_aA Text Book Of Quantum Mechanics / _cP M Mathews |
|
| 260 |
_bTata Mcgrawhill Publishers, _c1984. _aNew Delhi: |
||
| 300 | _a387p | ||
| 650 | _aPhysics | ||
| 942 |
_cBK _2ddc _h530.12 _iMAT/T _k530.12 _mMAT/T |
||